| 000 | 00633nam a22001697a 4500 | ||
|---|---|---|---|
| 020 | _qHard Cover. | ||
| 082 | _a004 | ||
| 100 | _aMukhtar, Hamid ; Hassan, Ahmed ; Mohammad, Asif Khan and Mohammad, Imran Khan. | ||
| 245 |
_aPolitical and Constitutional Development in Pakistan: _b1947-1958 / _cHamid Mukhtar. |
||
| 260 |
_aIslamabad: _bSEECS - NUST, _c2003. |
||
| 300 |
_a98 p. : _bill. ; _c30cm. |
||
| 650 |
_aInformation Technology BS-Project Report. _934466 |
||
| 700 | _aDr. Shoaib | ||
| 856 | _u http://10.250.8.41:8080/xmlui/handle/123456789/29222 | ||
| 942 |
_2ddc _cPR |
||
| 999 |
_c540437 _d540437 |
||